All Characters in Bridgerton Season 2 - Statistics

General Stats
  • This quiz has been taken 481 times
  • The average score is 17 of 20
Answer Stats
Surname First name % Correct
Bridgerton Anthony
99%
Bridgerton Colin
97%
Sharma Kate
97%
Featherington Penelope
97%
Bridgerton Benedict
96%
Bassett Daphne
95%
Bridgerton Eloise
95%
Bridgerton Violet
94%
Bridgerton Hyacinth
93%
Queen Charlotte
91%
Bridgerton Gregory
91%
Sharma Edwina
89%
Danbury Lady
89%
Featherington Prudence
80%
Bridgerton Edmund
78%
Featherington Portia
75%
Sharma Mary
67%
Delacroix Genevieve
53%
Sharpe Theo
47%
Featherington Jack
28%
No matching quizzes found
Score Distribution
Percent of People with Each Score
Percentile by Number Answered
Your Score History
You have not taken this quiz